| 000 | 00728nam a2200253 a 4500 | ||
|---|---|---|---|
| 001 | BRCA_7672 | ||
| 005 | 20190320205934.0 | ||
| 008 | 090813s1956----enka######---#000-0#eng-# | ||
| 041 | _aeng | ||
| 044 | _aenk | ||
| 050 | 4 |
_aNK7495 _b.H39 1956 |
|
| 100 | 1 |
_aHayward, J. F. _918936 |
|
| 245 | 1 | 0 |
_aEnglish watches _cby J. F. Hayward. |
| 260 |
_aLondres _bH. M. Stationery Office _c1956 |
||
| 300 |
_a11 p. _bil., 47 láminas _c21 cm. |
||
| 440 | 0 |
_aVictoria and Albert Museum _918937 |
|
| 500 | _aU9 | ||
| 504 | _aBibliografía p. 11 | ||
| 650 | 1 | 4 |
_aRelojes _zInglaterra _918938 |
| 650 | 1 | 4 |
_aGalerías y museos _zInglaterra _918939 |
| 710 | 2 |
_aVictoria and Albert Museum (Londres) _918940 |
|
| 902 | _aGFM | ||
| 942 |
_2lcc _cB |
||
| 999 |
_c7346 _d7346 |
||